000 00769nam a2200181 a 4500
008 060726s2006 ||||||||||||||||| || u
050 _aIBRD(08)PRWP/3844
100 _ade Walque, Damien
245 1 0 _aWho gets AIDS and how?
246 _athe determinants of HIV infection and sexual behaviors in Burkina Faso, Cameroon, Ghana, Kenya, and Tanzania
260 _aWashington, D. C
_bWorld Bank
_c2006
300 _a50p.;ill
350 _a0.00
490 _aWorld Bank policy research working papers
650 _aHEALTH
650 _aHIV INFECTIONS--RESEARCH--DETERMINANTS--AFRICA, EAST
995 _D0.00
_FCBU-MAIN LIBRARY (Kitwe)
_H1
_I0.00
_M1
_UAVAILABLE
_WJul 26, 2006
_ZInternational Publications
999 _c61719
_d61719